| 000 | 00769nam a22002057a 4500 | ||
|---|---|---|---|
| 005 | 20240216155831.0 | ||
| 010 | _aHIN-126907 | ||
| 020 |
_a9789391559168 _c275.00 |
||
| 035 | _aHN-99253 | ||
| 037 | _bDBAD/PUB | ||
| 082 | _a920 | ||
| 245 |
_aपरछाई यादो की/ _cमहेश बंसल द्वारा सम्पादित |
||
| 250 | _a1 | ||
| 260 |
_aदिल्ली _bकौशिक पब्लिशिंग हाउस _c2022 |
||
| 270 |
_aए-49 गली न. 6 जगतपूरी एक्सटेंशन _b दिल्ली _e110093 |
||
| 300 |
_a87 पृष्ठ; _c22 सेमी (सजिल्द) |
||
| 700 | _962232 | ||
| 700 | _962233 | ||
| 942 |
_cHN _2ddc _h920 _mपरछा |
||
| 999 |
_c200878 _d200878 |
||